The wisdom of the vedas / (Record no. 145280)

MARC details
000 -LEADER
fixed length control field 00716nam a22001937a 4500
005 - DATE AND TIME OF LATEST TRANSACTION
control field 20180323142126.0
010 ## - LCCN (DPL NO)
LC control number 1718EN-30
020 ## - INTERNATIONAL STANDARD BOOK NUMBER
International Standard Book Number 9788184959253
Terms of availability 325.00
035 ## - SYSTEM CONTROL NUMBER
System control number B-683468-472
037 ## - SOURCE OF ACQUISITION
Source of stock number/acquisition BSB
Stock number dpl
082 ## - DEWEY DECIMAL CLASSIFICATION NUMBER
Classification number 220.21
100 ## - MAIN ENTRY--PERSONAL NAME
Personal name Swami Adiswarananda
245 ## - TITLE STATEMENT
Title The wisdom of the vedas /
Statement of responsibility, etc by Swami Adiswarananda
260 ## - PUBLICATION, DISTRIBUTION, ETC. (IMPRINT)
Place of publication, distribution, etc Mumbai
Name of publisher, distributor, etc Jaico Pub.
Date of publication, distribution, etc 2016
270 ## - ADDRESS
Address A-2 Jash Chambers, 7-A Sir Phirozshah Mehta Raod,
City Mumbai
Postal code 400001
300 ## - PHYSICAL DESCRIPTION
Extent viii,220p.
Dimensions 21cm(pbk)
942 ## - ADDED ENTRY ELEMENTS (KOHA)
Source of classification or shelving scheme Dewey Decimal Classification
Item type English Books
Call number suffix SWA
Classification part 220.21
Holdings
Withdrawn status Lost status Not for loan Collection code Home library Current library Date acquired Source of acquisition Cost, normal purchase price Full call number Barcode Copy number Cost, replacement price Koha item type
      Non-fiction Ashok Vihar Ashok Vihar 23/03/2018 BSB/292/30.11.2017/EN/2017-18/641/20.11.2017/14.12.2017 325.00 220.21 SWA B-683469 1 325.00 English Books
      Non-fiction Central Library Central Library 23/03/2018 BSB/292/30.11.2017/EN/2017-18/641/20.11.2017/14.12.2017 325.00 220.21 SWA B-683468 1 325.00 English Books
      Non-fiction Janak Puri Janak Puri 23/03/2018 BSB/292/30.11.2017/EN/2017-18/641/20.11.2017/14.12.2017 325.00 220.21 SWA B-683471 1 325.00 English Books
      Non-fiction Patel Nagar Patel Nagar 23/03/2018 BSB/292/30.11.2017/EN/2017-18/641/20.11.2017/14.12.2017 325.00 220.21 SWA B-683470 1 325.00 English Books
      Non-fiction Sarojini Nagar Sarojini Nagar 23/03/2018 BSB/292/30.11.2017/EN/2017-18/641/20.11.2017/14.12.2017 325.00 220.21 SWA B-683472 1 325.00 English Books

© Delhi Public Library
Hit Counter
free hit counter